| 000 | 00687nam a2200157 a 4500 | ||
|---|---|---|---|
| 008 | 220224s2017 ||||||||||||||||| || u | ||
| 050 | _aCBU-PG THESIS/HAM | ||
| 100 | _aHamachili, Raymond | ||
| 245 | 1 | 0 |
_aAssessing knowledge and attitudes towards biogas adoption in selected charcoal dependent households of livingstone town in southern province _cBy Raymond Hamachili |
| 260 |
_aKitwe _c2017 |
||
| 300 | _axvi, 88 Pages : illustrations | ||
| 650 | _aBIOGAS - ZAMBIA | ||
| 650 | _aBIOGAS - ADAPTATION | ||
| 650 | _aCHARCOAL - LIVINGSTONE TOWN | ||
| 995 |
_FCBU-MAIN LIBRARY (Kitwe) _M1 _UAVAILABLE _WNov 3, 2022 _ZUniversity Collection |
||
| 999 |
_c34951 _d34951 |
||